000 00450nam a2200181Ia 4500
003 GCL
008 140319s9999 xx 000 0 eng d
040 _aGCL /
_cGCL
082 0 4 _a843
_bT E
100 1 _aTHROEZ, PAUEL
245 1 0 _aLES ENFANTS MODELES /
_cTHROEZ, PAUEL
260 _a[S.N] :
_bLIEU COMMUN ،
_c1982
300 _a216
490 _aCOLLECTION FOLIO
_v0
650 0 4 _aLITERATURE
650 0 4 _aFRENCH LITERATURE
942 _2ddc
_cBK
999 _c25456
_d25456